| 000 | 02526nam a2200349 a 4500 | ||
|---|---|---|---|
| 001 | ebr10218543 | ||
| 003 | CaPaEBR | ||
| 006 | m u | ||
| 007 | cr cn||||||||| | ||
| 008 | 070320s2007 enkab sb 001 0 eng | ||
| 010 | _z 2007011345 | ||
| 020 | _z9780199277476 (alk. paper) | ||
| 040 |
_aCaPaEBR _cCaPaEBR |
||
| 035 | _a(OCoLC)213434087 | ||
| 043 | _ae-gr--- | ||
| 050 | 1 | 4 |
_aPA3201 _b.G72 2007eb |
| 082 | 0 | 4 |
_a792.0938 _222 |
| 245 | 0 | 4 |
_aThe Greek theatre and festivals _h[electronic resource] : _bdocumentary studies / _cedited by Peter Wilson. |
| 260 |
_aOxford ; _aNew York : _bOxford University Press, _c2007. |
||
| 300 |
_axviii, 431 p. : _bill., map. |
||
| 490 | 1 | _aOxford studies in ancient documents | |
| 504 | _aIncludes bibliographical references (p. [378]-411) and index. | ||
| 505 | 0 | _aDeconstructing festivals / William Slater -- Theatre rituals / Angelos Chaniotis -- The organisation of music contests in the Hellenistic period and artists' participation : an attempt at classification / Sophia Aneziri -- The men who built the theatres : theatropolai, theatronai, and arkhitektones / Eric Csapo ; with an archaeological appendix by Hans Rupprecht Goette -- Choregic monuments and the Athenian democracy / Hans Rupprecht Goette -- Performance in the Pythion : the Athenian Thargelia / Peter Wilson -- Dithyramb, tragedy, and Cyrene / Paola Ceccarelli and Silvia Milanezi -- A horse from Teos : epigraphical notes on the Ionian-Hellespontine Association of Dionysiac Artists / John Ma -- Kraton, son of Zotichos : artists' associations and monarchic power in the Hellenistic period / Brigitte Le Guen -- Theoria and theatre at Samothrace : the Dardanos by Dymas of Iasos / Ian Rutherford -- The Dionysia at Iasos : its artists, patrons, and audience / Charles Crowther -- An opisthographic lead tablet from Sicily with a financial document and a curse concerning choregoi / David Jordan -- Sicilian choruses / Peter Wilson. | |
| 533 |
_aElectronic reproduction. _bPalo Alto, Calif. : _cebrary, _d2013. _nAvailable via World Wide Web. _nAccess may be limited to ebrary affiliated libraries. |
||
| 650 | 0 |
_aTheater _zGreece _xHistory _yTo 500. |
|
| 650 | 0 |
_aFestivals _zGreece _xHistory _yTo 1500. |
|
| 655 | 7 |
_aElectronic books. _2local |
|
| 700 | 1 |
_aWilson, Peter, _d1964- |
|
| 710 | 2 | _aebrary, Inc. | |
| 830 | 0 | _aOxford studies in ancient documents. | |
| 856 | 4 | 0 |
_uhttp://site.ebrary.com/lib/rucke/Doc?id=10218543 _zAn electronic book accessible through the World Wide Web; click to view |
| 999 |
_c130146 _d130146 |
||